Представление документа в формате MARC21

Поле Инд. ПП Название Значение
Тип записи a
Библиографический уровень b
001 Контрольный номер 6290dea23710494aa9219e981fc86b8b
005 Дата корректировки 20220405162144.5
024 80 a Стандартный номер DOI: 10.1088/1361-6471/aa8318
040 a Служба первич. каталог. Scopus
041 0_ a Код языка текста eng
097 a Костяева О.Г.
100 1_ a Автор -
100 1_ q Полное имя Тер-Акопьян Гурген Мкртычевич
g Прочие сведения РИНЦ AuthorID: 23906 (http://elibrary.ru/author_profile.asp?id= 23906); Scopus Author ID: 7006139367 (https://www.scopus.com/authid/detail.uri?authorId=7006139367)
u Дополнение Тер-Акопьян Г. М.; Ter-Akopian Gurgen M.
a Автор Ter-Akopian G. M.
c Титул (звания) профессор; доктор физико-математических наук
i 000091259
k Кафедра ядерной физики; Факультет естественных и инженерных наук
100 1_ q Полное имя Оганесян Юрий Цолакович
g Прочие сведения РИНЦ AuthorID: 21136 (http://elibrary.ru/author_profile.asp?id= 21136); Scopus Author ID: 35401658500 (https://www.scopus.com/authid/detail.uri?authorId=35401658500)
u Дополнение Оганесян Ю. Ц.; Oganessian Yu Ts
a Автор Oganessian Yu. Ts.
c Титул (звания) академик РАН; доктор физико-математических наук
i 000091251
k Кафедра ядерной физики; Факультет естественных и инженерных наук
245 10 a Заглавие Reinvestigation of s = +/- i octupole bands in neutron-rich Xe-141
550 a Прим. об изд. организации Кафедра ядерной физики; Факультет естественных и инженерных наук
773 18 t Название источника Journal of Physics G: Nuclear and Particle Physics
b Сведения об издании Institute of Physics and IOP Publishing Ltd.
c ENGLAND
d Место и дата издания 2017
m Специф. данные входит в Scopus;входит в WoS;Входит в ядро РИНЦ;зарубежный журнал;ненулевой импакт-фактор
p J. Phys. G-Nucl. Part. Phys.
o Прочие индексы wos 2.899, scopus 1.97, ринц -
x ISSN 0954-3899
g Прочая информация V.44. - № 9. - P. 095101
w Контрольный № источника ef8e195b47054011a70e823af1bdce48
901 t Тип документа b
952 c Вид литературы статья в журнале